Star Wars Actors - Statistics

General Stats
  • This quiz has been taken 78 times
    35 since last reset
  • The average score is 35 of 50
Answer Stats
Hint Answer % Correct
Rey Daisy Ridley
100%
Princess Leia Organa Carrie Fisher
96%
Obi-Wan Kenobi (young) Ewan McGregor
96%
Han Solo (old) Harrison Ford
96%
Qui-Gon Jinn Liam Neeson
96%
Luke Skywalker Mark Hamill
96%
Padmé Amidala Natalie Portman
96%
Mace Windu Samuel L. Jackson
96%
Kylo Ren Adam Driver
93%
Obi-Wan Kenobi (old) Alec Guinness
93%
Darth Vader (voice) James Earl Jones
93%
Palpatine Ian McDiarmid
89%
Finn John Boyega
89%
The Mandalorian Pedro Pascal
89%
Count Dooku Christopher Lee
86%
Lando Calrissian Billy Dee Williams
82%
Yoda (voice) Frank Oz
82%
C-3PO (voice) Anthony Daniels
79%
Anakin Skywalker (old) Hayden Christensen
79%
Poe Dameron Oscar Isaac
79%
Supreme Leader Snoke Andy Serkis
75%
Anakin Skywalker (young) Jake Lloyd
75%
R2-D2 Kenny Baker
75%
Jango Fett Temuera Morrison
75%
Cassian Andor Diego Luna
71%
Galen Erso Mads Mikkelsen
68%
Saw Gerrera Forest Whitaker
64%
Captain Phasma Gwendoline Christie
64%
Senator Bail Organa Jimmy Smits
64%
Ahsoka Tano Rosario Dawson
64%
K-2SO Alan Tudyk
61%
Orson Krennic Ben Mendelsohn
61%
General Hux Domhnall Gleeson
61%
Qi'ra Emilia Clarke
61%
Han Solo (young) Alden Ehrenreich
57%
Jyn Erso Felicity Jones
57%
Beckett Woody Harrelson
57%
Maz Kanata Lupita Nyong'o
54%
Dryden Vos Paul Bettany
54%
Vice Admiral Holdo Laura Dern
46%
Shmi Skywalker Pernilla August
46%
Luthen Rael Stellan Skarsgård
46%
DJ Benicio Del Toro
43%
Bodhi Rook Riz Ahmed
43%
Dedra Meero Denise Gough
39%
Baylan Skoll Ray Stevenson
39%
Jod Na Nawood Jude Law
36%
Zorii Bliss Keri Russell
36%
Hera Syndulla Mary Elizabeth Winstead
36%
Val Thandie Newton
32%
No matching quizzes found
Score Distribution
Percent of People with Each Score
Percentile by Number Answered
Your Score History
You have not taken this quiz since the last reset